| 000 | 00883nam a2200241 a 4500 | ||
|---|---|---|---|
| 005 | 20140412111228.0 | ||
| 008 | 010529s19uu xx 00 eng d | ||
| 020 | _a0-89565-320-6 | ||
| 050 |
_aTR(GS 513 _bM74 1985 |
||
| 050 |
_aTR(GS 513 _bM74 1986 |
||
| 100 | _aMoncure, Jane Belk | ||
| 245 |
_aMy nine book / _cby Jane Belk Moncure; illustrated by Linda Hohag and Dan Spoden. |
||
| 250 | _a1995 Ed. | ||
| 260 |
_aElgin, Ill : _bThe Child's World, Inc, _c1985. |
||
| 300 | _a32p. ; ill. | ||
| 440 | _aMy number book--My first steps to math | ||
| 520 | _aLittle Nine introduces the concept of "nine" by interacting with nine of a variety of things which group and regroup to demonstrate principles of adding and subtracting. | ||
| 650 |
_aNine (The Number) _xJuvenile literature |
||
| 650 | _aNumber concept | ||
| 650 | _aCounting | ||
| 999 |
_c102091 _d102091 |
||